Normal view
MARC view
Entry Personal Name
001 - CONTROL NUMBER
- control field: 3542
003 - CONTROL NUMBER IDENTIFIER
- control field: OSt
005 - DATE AND TIME OF LATEST TRANSACTION
- control field: 20211028141547.0
008 - FIXED-LENGTH DATA ELEMENTS
- fixed length control field: 211028|| aca||aabn | a|a d
040 ## - CATALOGING SOURCE
- Original cataloging agency: OSt
- Transcribing agency: OSt
100 ## - HEADING--PERSONAL NAME
- Personal name: A P Sairam; Suvaris, Roshan D.
- Miscellaneous information: 81779
670 ## - SOURCE DATA FOUND
- Source citation: Work cat.: (OSt): A P Sairam; Suvaris, Roshan D. 81779, Online banking system., 2011